Real estate investment : a capital market approach

Bibliographic Details
Main Authors: Brown, Gerald R. (Author), Matysiak, George A. (Author)
Format: Book
Language:English
Published: Harlow, England : Financial Times Prentice Hall 2000
Subjects:

MARC

LEADER 00000cam a2200000 7i4500
001 0000012093
005 20241018.0
008 030829 enka eng
020 |a 0130200638 
040 |a INS   |b eng   |e rda 
090 0 0 |a HD1382.5   |b .B76 2000 
100 1 |a Brown, Gerald R. ,   |e author 
245 1 0 |a Real estate investment :   |b a capital market approach   |c Gerald R Brown and George A. Matysiak 
264 1 |a Harlow, England :   |b Financial Times Prentice Hall   |c 2000 
300 |a xxvi,708 pages :   |b illustrations ;   |c 24 cm. 
336 |a text  |2 rdacontent 
337 |a unmediated  |2 rdamedia 
338 |a volume  |2 rdacarrier 
504 |a Includes bibliographical references and index 
650 0 |a Real estate investment 
700 0 |a Matysiak, George A. ,   |e author 
999 |a 0000007899   |b BOOK   |c Open Shelf   |e Default branch 
999 |a 0000009978   |b BOOK   |c Open Shelf   |e Default branch 
999 |a 0000009979   |b BOOK   |c Open Shelf   |e Default branch 
999 |a 0000011639   |b BOOK   |c Open Shelf   |e Default branch 
999 |a 0000011640   |b BOOK   |c Open Shelf   |e Default branch 
999 |a 0000011641   |b BOOK   |c Open Shelf   |e Default branch 
999 |a 0000011642   |b BOOK   |c Open Shelf   |e Default branch 
999 |a 0000011643   |b BOOK   |c Open Shelf   |e Default branch 
999 |a 0000013216   |b BOOK   |c Open Shelf   |e Default branch